Freguesias do Marco de Canaveses - Statistics

Estatísticas Gerais
  • Esse quiz foi jogado 8 vezes
    7 desde o último reset
  • A pontuação média é 21 de 31
Estatísticas das Respostas
Número Freguesia % Correto
1 Alpendurada e Matos
100%
20 São Nicolau
100%
27 Tuías
100%
3 Avessadas
80%
8 Fornos
80%
12 Manhuncelos
80%
13 Maureles
80%
23 Rio de Galinhas
80%
18 Santo Isidoro
80%
29 Várzea do Douro
80%
30 Vila Boa de Quires
80%
31 Vila Boa do Bispo
80%
2 Ariz
60%
4 Banho e Carvalhosa
60%
5 Constance
60%
6 Favões
60%
7 Folhada
60%
11 Magrelos
60%
14 Paços de Gaiolo
60%
15 Paredes de Viadores
60%
16 Penha Longa
60%
24 Rosém
60%
17 Sande
60%
19 São Lourenço do Douro
60%
25 Tabuado
60%
26 Torrão
60%
28 Várzea da Ovelha e Aliviada
60%
9 Freixo
40%
10 Livração
40%
21 Soalhães
40%
22 Sobretâmega
40%
Nenhum quiz correspondente encontrado
Distribuição das Pontuações
Porcentagem de Pessoas com Cada Pontuação
Percentil de Números Respondidos
Sua Pontuação Histórica
Você não jogou esse quiz desde o último reset